书目信息 |
| 题名: |
现代奶牛健康养殖技术
|
|
| 作者: | 李永志 主编 | |
| 分册: | ||
| 出版信息: | 北京 科学技术文献出版社 2012 |
|
| 页数: | 327页 | |
| 开本: | 21cm | |
| 丛书名: | ||
| 单 册: | ||
| 中图分类: | S823.9 | |
| 科图分类: | ||
| 主题词: | 乳牛--饲养管理 , 乳牛 | |
| 电子资源: | ||
| ISBN: | 978-7-5023-7178-4 | |
| 000 | 00833nam0 2200241 450 | |
| 001 | 012015000396 | |
| 005 | 20150914164009.07 | |
| 010 | @a978-7-5023-7178-4@dCNY19.80 | |
| 100 | @a20120708d2012 em y0chiy50 ea | |
| 101 | 0 | @achi |
| 102 | @aCN@b110000 | |
| 105 | @ay z 000yy | |
| 106 | @ar | |
| 200 | 1 | @a现代奶牛健康养殖技术@Axian dai nai niu jian kang yang zhi ji shu@f李永志主编 |
| 210 | @a北京@c科学技术文献出版社@d2012 | |
| 215 | @a327页@d21cm | |
| 330 | @a本书内容包括:现代牛场的建设、环境控制、奶牛的选种与选配、无公害饲料的配制与使用、繁殖技术、生殖技术应用技术、奶牛的营养需要与日粮配合、奶牛的科学饲养管理、奶牛保健与疾病防治等。 | |
| 606 | 0 | @a乳牛@x饲养管理 |
| 606 | 0 | @a乳牛 |
| 690 | @aS823.9@v5 | |
| 701 | 0 | @a李永志@Ali yong zhi@4主编 |
| 801 | 0 | @aCN@b碧洲教育@c20150716 |
| 905 | @a10447@f4@dS823.9@e111 | |
| 现代奶牛健康养殖技术/李永志主编.-北京:科学技术文献出版社,2012 |
| 327页;21cm |
| ISBN 978-7-5023-7178-4:CNY19.80 |
| 本书内容包括:现代牛场的建设、环境控制、奶牛的选种与选配、无公害饲料的配制与使用、繁殖技术、生殖技术应用技术、奶牛的营养需要与日粮配合、奶牛的科学饲养管理、奶牛保健与疾病防治等。 |
| ● |
| 相关链接 |
|
|
|
|
正题名:现代奶牛健康养殖技术
索取号:S823.9/111
 
预约/预借
| 序号 | 登录号 | 条形码 | 馆藏地/架位号 | 状态 | 备注 |
| 1 | 0849463 | 208494636 | 第二样本阅览室/ [索取号:S823.9/111] | 在馆 | |
| 2 | 0849464 | 208494645 | 第三借阅区/ [索取号:S823.9/111] | 在馆 | |
| 3 | 0849465 | 208494654 | 第三借阅区/ [索取号:S823.9/111] | 在馆 | |
| 4 | 0849466 | 208494663 | 密集书库-生命科学系/ [索取号:S823.9/111] | 在馆 |